MDQL
is popping MORE tags! Check the
thread
!
Quizzes
Events
Quiz Creation
Community
Videos
Private Events
Remove Ads
Sign In
Join for FREE
Feedback
Dark Mode
Quiz Categories
Sports
Geography
Music
Movies
Television
Just For Fun
Miscellaneous
History
Literature
Language
Science
Gaming
Entertainment
Religion
Holiday
For Kids
Quiz Lab
Recent
Popular Today
Quiz Kudos Today
Editor Picks
Curator Picks
Quizzes by...
Day
Popularity
Type
Ratings
Length
Year
Community
Subscriptions
Recent Discussions
Orange Saloon
Badges
Playlists
Quests
Create
Leaderboards
Showdown
Live 5
Trivia Bingo
Activity
Puzzle Library
Sporcle Events
Private Events
Virtual Trivia
Globe League
Become a Host
Pub Owners
SporcleCon
Opinionation
Our Games
Videos
Blog
Mobile Apps
Partnerships
Remove Ads and Go Orange
Feedback
Movies
Disney
Marvel Cinematic Universe
Movie Resume
Movie Titles
Oscar
Actor
Actress
Director
Pixar
Role
Movie Quotes
Movie Characters
Box Office
Nominee
Best Picture
Star Wars
James Bond
Horror Movies
Movies
Disney
Marvel Cinematic Universe
Movie Resume
Movie Titles
Oscar
Actor
Actress
Director
Pixar
Role
Movie Quotes
Movie Characters
Box Office
Nominee
Best Picture
Star Wars
James Bond
Horror Movies
Random Quiz
Search Sporcle
×
Quiz Lab
Quiz Lab
Movies
Fantasy Sci-fi
Type in answers that appear in a list
Type in answers that appear in a list
Classic
Best Score? Go Orange.
Fantasy Sequels & Prequels Stats
Can You Name The Sequels Or Prequels By The Fantasy Film Given?
By
Sepa
7m
35 Questions
450 Plays
450 Plays
450 Plays
Comments
Comments
Give Quiz Kudos
Give Quiz Kudos
-
- Ratings
hide this ad
More Info
Replay
Link that replays current quiz
Next Quiz
Link to next quiz in quiz playlist
You Got
0%
They Got
Avg Score
58%
Avg Friend Score
Upgrade to see
Score Distribution
Jump to the score distribution portion of the page
Score
0/35
Timer
07:00
0
Plays Today
Film Title
Sequel/Prequel Title
% Correct
Doctor Strange
Doctor Strange in the Multiverse of Madness
100%
Captain America: The Winter Soldier
Captain America: Civil War
87.6%
300
300: Rise of an Empire
87.5%
Wonder Woman
Wonder Woman 1984
87.5%
Avengers: Age of Ultron
Avengers: Infinity War
84.3%
The Lord of the Rings: Fellowship of the Ring
The Lord of the Rings: The Two Towers
83.3%
Batman Returns
Batman Forever
80.4%
Fantastic Four
Fantastic Four: Rise of the Silver Surfer
79.3%
Fantastic Beasts and Where to Find Them
Fantastic Beasts: The Crimes of Grindelwald
75%
Unbreakable
Glass
75%
Harry Potter and the Sorcerer's Stone
Harry Potter and the Chamber of Secrets
74%
Thor: The Dark World
Thor: Ragnarok
73%
The Chronicles of Narnia: The Lion, The Witch and The Wardrobe
The Chronicles of Narnia: Prince Caspian
71.6%
Pirates of the Caribbean: The Curse of the Black Pearl
Pirates of the Caribbean: Dead Man's Chest
71.3%
The Mummy
The Mummy Returns
69.8%
The Hobbit: An Unexpected Journey
The Hobbit: The Desolation of Smaug
68.5%
X-
Men: First Class
X-Men: Days of Future Past
67.4%
Twilight
The Twilight Saga: New Moon
63.1%
Film Title
Sequel/Prequel Title
% Correct
Enchanted
Disenchanted
62.5%
Shazam!
Shazam! Fury of the Gods
62.5%
Clash of the Titans (2010)
Wrath of the Titans
61.8%
X-
Men
X2: X-Men United
61.1%
Alice in Wonderland (2000)
Alice Through the Looking Glass
56.2%
Conan the Barbarian (1982)
Conan the Destroyer
55.1%
Jumanji
Jumanji: Welcome to the Jungle
50%
Percy Jackson: The Lightning Thief
Percy Jackson: Sea of Monsters
50%
Bruce Almighty
Evan Almighty
45.8%
Alvin and the Chipmunks
Alvin and the Chipmunks: The Squeakquel
41.1%
Maleficent
Maleficent: Mistress of Evil
37.5%
Snow White and the Huntsman
The Huntsman: Winter's War
36%
G.I. Joe: Rise of Cobra
G.I. Joe: Retaliation
30.5%
The Wizard of Oz
Oz the Great and Powerful
25%
Teenage Mutant Ninja Turtles (2014)
Teenage Mutant Ninja Turtles: Out of the Shadows
18.7%
Night at the Museum
Night at the Museum: Battle of the Smithsonian
17.8%
The Crow: City of Angels
The Crow: Salvation
15.3%
Quiz Playlist
Details
Report
Send in Message
Add To Playlist
More Info:
* DENOTES FOREIGN FILM. LAST UPDATED 11-11-23.
Classic:
Type in answers that appear in a list
Quiz Source
Last Updated: Nov 11, 2023
Quiz Scoreboard
CHALLENGE
Sign Up to Join the Scoreboard
Show All
Scores
Hide
Comments
May contain spoilers
Recently Published
Colored Red Africa Blitz
by spor1
Geography
30s
Find the 'City' Movie
by crazypaving
Movies
60s
5x2 Blitz: Bands
by SL_Kpop136
Music
30s
More to Explore
Quiz From the Vault
Featured Blog Post
14 Easter Pick-up Lines to Find Eggs With
hide this ad
You Might Also Like...
Tags
Equal
Fantasy
Fantasy Sci-fi
Movie Prequels
Movie Sequels
original
Prequel
sci-fi
Today's Top Quizzes in Movies
Browse Movies
hide this ad
Today's Top Quizzes in Fantasy Sci-fi
Browse Fantasy Sci-fi
Top Contributed Quizzes in Movies
1
Find The 'Big' Movie
2
Find The 'Wild' Movie
3
Find The 'Blue' Movie
4
Movies By Plot
5
Hidden Star Wars Character II
6
Pick 5 Posters: Directed by Spielberg
7
Hidden Star Wars Character III
8
The ultimate James Bond movie quiz
9
Hidden Star Wars Character IV
10
25 Best Actor Nominees (1990s)
Explore More
Trending Topics
Disney
Kpop
Harry Potter
NBA
Crossword
Marvel
Anime
Puzzle
WWE
Soccer
Song
Pokémon
Country
The Office
NFL
hide this ad
More By:
Sepa
Quiz
Plays
Rating
Category
Featured
Created
Marvel Characters (A-Z)
218,226
4.22
Entertainment
May 5, 2011
Marvel: Most Published Characters 1-100
181,458
4.44
Entertainment
May 1, 2010
NBA Double-Double Averages (2000-2010)
146,213
4.30
Sports
Dec 1, 2010
DC Comics: Most Published Characters 1-100
93,406
3.97
Entertainment
Jan 3, 2011
1970s World History
91,164
4.23
History
Feb 3, 2010
Go to Creator's Profile
Score Distribution
Quiz Creator Spotlight
Sepa
Follow
Send a Message
Quizzes Created
-
Created Quiz Play Count
-
More By This Creator
Popular Quizzes Today
1
Colored Red Africa Blitz
2
Find the 'City' Movie
3
5x2 Blitz: Bands
4
Find the US States - No Outlines Minefield
5
The Countries of the World
6
Find the US States
7
US States
8
Find the Countries of Europe - No Outlines Minefield
More Movies Quizzes
Animated Movies with Most Oscar Nominations
Curator's Pick
Trending Quizzes
Colored Red Europe Blitz I
Colored Red Europe Blitz II
Colored Red Africa Blitz II
Colored Red Europe Blitz III
Colored Red Africa Blitz III
Recently Updated
How Do You Spell That?
pecheneg
Godzilla Movies
pecheneg
Grab Bag: 4-10 Letters
pecheneg
2024 March Madness Bracket
pecheneg
Famous TV Couples
Peacemaker
Champions League XIs: Real Madrid
pecheneg
Largest US Cities 1790-2010
pecheneg
Rides in Walt Disney World
pecheneg
Most Oscar Losses (Acting)
pecheneg
Beyoncé Albums
pecheneg
Trending Topics
NBA
Crossword
Kpop
Anime
Marvel
Disney
Harry Potter
WWE
Pokémon
NFL
Soccer
Song
The Office
Country
Puzzle
Your Account Isn't Verified!
In order to create a playlist on Sporcle, you need to verify the email address you used during registration. Go to your
Sporcle Settings
to finish the process.
Report this User
Report this user for behavior that violates our
Community Guidelines
.
Details:
Send Report
Go to the Sporcle.com Mobile Site →
Comments